Hoja Laguna del Maule, regiones del Maule y del Bío-Bío
Furkejuvvon:
| Váldodahkki: | |
|---|---|
| Eará dahkkit: | |
| Materiálatiipa: | Girji |
| Giella: | espánnjágiella |
| Almmustuhtton: |
Santiago
Servicio Nacional de Geología y Minería
1984
|
| Ráidu: | Carta Geológica de Chile.
64 |
| Fáttát: | |
| Fáddágilkorat: |
Lasit fáddágilkoriid
Eai fáddágilkorat, Lasit vuosttaš fáddágilkora!
|
MARC
| LEADER | 00000nam a2200000 a 4500 | ||
|---|---|---|---|
| 001 | UCK1449 | ||
| 003 | CL-VaPUC | ||
| 005 | 20220823165542.0 | ||
| 008 | 041112e19840000CL |||||||||||||||||spa|d | ||
| 999 | |c 311418 |d 311416 | ||
| 040 | |c Pontificia Universidad Católica de Valparaíso | ||
| 082 | 0 | 4 | |a 558.3 MUÑ 1984 |2 21 |
| 100 | |a Muñoz B., Jorge |e autor |9 489296 | ||
| 245 | 1 | 0 | |a Hoja Laguna del Maule, regiones del Maule y del Bío-Bío |
| 260 | |a Santiago |b Servicio Nacional de Geología y Minería |c 1984 | ||
| 300 | |a 98 páginas | ||
| 490 | 0 | |a Carta Geológica de Chile. |v 64 | |
| 505 | |a Incluye 1 mapa. Escala: 1:250.000 | ||
| 583 | |a last modification |c 20041112 00:00:00 |k Rodrigo Vera | ||
| 650 | 7 | |a MAPAS GEOLOGICOS |2 CL-VaPUC |9 362393 | |
| 650 | 0 | |a Recursos naturales |9 255232 | |
| 650 | 7 | |a RECURSOS MINERALES |2 CL-VaPUC |9 351120 | |
| 651 | 0 | |a Región 07 |9 450938 | |
| 651 | 7 | |a REGION DEL BIOBIO |2 CL-VaPUC |9 268497 | |
| 700 | |a Niemeyer Rubilar, Hans |e autor |9 572619 | ||
| 942 | |c BK |2 ddc | ||
| 945 | |d 20041112 00:00:00 |a cmena | ||
| 952 | |0 0 |1 0 |2 ddc |4 0 |6 558_300000000000000_MUÑ_1984 |7 0 |8 F |9 380801 |a BIBING |b BIBING |d 2019-11-21 |i 4040473 |o 558.3 MUÑ 1984 |p 4040473 |r 2025-01-20 |t 1 |w 2019-11-21 |y BK_F |k GEO | ||